000 00847nam a2200241Ia 4500
008 191130s2003##################000#0#eng##
020 _a9780198267799
040 _aACL
_cACL
082 _a341.481087 HER
245 _aThe human rights of persons with intellectual disabilities : different but equal
_cedited by Stanley S. Herr, Lawrence O. Gostin, Harold Hongju Koh
260 _aOxford
_bOxford University Press
_cc2003
300 _axx, 551 p. ; 24 cm.
500 _aIncludes bibliographical references and index
650 _aHuman rights
650 _aLearning disabled - Civil rights
650 _aLearning disabled - Legal status, laws, etc
700 _aGostin, Lawrence O
700 _aHerr, Stanley S
700 _aKoh, Harold Hongju
990 _a4758a93bac10000c75f52e52fb094d36
991 _a161986
999 _c304919
_d304919